Statistics for SAT Words HARD Click Quiz - A

Click here to take the quiz!

General Stats

  • This quiz has been taken 238 times
  • The average score is 12 of 15

Answer Stats

HintAnswer% Correct
Blue like the sky or lapis lazuliAzure
98%
Make an official decision or judgmentAdjudicate
93%
IndifferenceApathy
90%
GreedAvarice
89%
Before the biblical floodAntediluvian
88%
Person who is self-taughtAutodidact
88%
Contaminate; make impureAdulterate
87%
Showing restraint from food or alcoholAbstemious
80%
Providing supplemental supportAncillary
78%
Additional equipment or clothing accessoryAccoutrement
73%
Clever devices or stratagems; ingenuityArtifice
64%
Harsh, severe; causticAstringent
64%
Without moderation; flagrantArrant
60%
Extremely self-disciplinedAscetic
55%
False or misleading statementAspersion
52%

Score Distribution

Percentile by Number Answered

Percent of People with Each Score

Your Score History

You have not taken this quiz